000 01079nam a2200265Ia 4500
003 OSt
005 20220923211303.0
006 a|||||r|||| 00| 0
007 ta
008 220922b |||||||| |||| 00| 0 hin d
020 _a9788179171530 (hbk)
_c1600
024 _a283,175
037 _b27, 02/02/2015, P. K. Books
_cTextual
040 _aARTS
_cARTS
_bhin
041 _2hin
_ahin
082 _aX.2, 152Q4
100 _aपटनायक, प्रभात; तरूण कुमार, अनु.
_9160170
245 0 _aगुलामी के चक्रव्यूह में भारतीय अर्थव्यवस्था
246 _aGulāmī ke chakravyūh mean bhāratīya arthavyavasthā
260 _aनई दिल्ली
_b ग्रंथ शिल्पी
_c2014
300 _a317पृ.
_ccm.
650 _aअर्थशास्त्र
942 _hX.2, 152Q4
_cTEXL
_2CC
999 _c298142
_d298142